El Desarrollo integrado de Centroamérica en la presente década. Bases y propuestas para el perfeccionamiento y la reestructuración del Mercado Común Centroamericano. Desarrollo agrícola. Anexo n. 4 /
Guardado en:
| Autores Corporativos: | , |
|---|---|
| Format: | Texto |
| Udgivet: |
Buenos Aires:
SIECA. BID. INTAL
|
| Tags: |
Tilføj Tag
Ingen Tags, Vær først til at tagge denne postø!
|
MARC
| LEADER | 00000 a a2200000 04500 | ||
|---|---|---|---|
| 001 | 22616 | ||
| 003 | |||
| 040 | |a CRAI/IIS |c CRAI/IIS | ||
| 090 | |a 154400 | ||
| 110 | |a SIECA | ||
| 245 | |a El Desarrollo integrado de Centroamérica en la presente década. Bases y propuestas para el perfeccionamiento y la reestructuración del Mercado Común Centroamericano. Desarrollo agrícola. Anexo n. 4 / |c SIECA | ||
| 260 | |a Buenos Aires: |b SIECA. BID. INTAL | ||
| 300 | |a 236 p.; vol. 5 | ||
| 710 | |a BID. INTAL | ||
| 999 | |c 3625 |d 3625 | ||
